THYROID HORMONE RECEPTORS: METHODS AND PROTOCOLS

Bibliographic Details
Main Author: Brtko, Július, 1948- (Author)
Format: Article
Language:English

MARC

LEADER 00000nab a2200000uu 4500
001 vtls010891390
003 SK-MaSNL
005 20260303130721.0
008 230218|2003 xo |||||||||||||||||eng|
015 |a SNBRB 
035 |a (urnnbn)urn:nbn:sk:snk:ar-0064dw 
035 |a (uuid)1866c19b-6ad2-4d58-ac5f-e185727a655b 
035 |a urn:nbn:sk:snk-ab8l6v 
040 |a SNKBUCL  |b slo  |c SNKBUCL  |e AACR2 
041 0 |a eng 
044 |a xo  |c SK 
100 1 |a Brtko, Július,  |d 1948-  |4 aut  |9 39646 
245 1 0 |a THYROID HORMONE RECEPTORS: METHODS AND PROTOCOLS  |c Julius Brtko 
773 0 |t Endocrine regulations  |g Roč. 37, č. 3 (2003), s. 188 
958 |a OND 
958 |a EUIPO 
958 |a article10 
999 |c 1941663  |d 1943593